000 01542cam a22001934a 4500
005 20250605164341.0
008 250528s ||||||||||||||||||||||||d
035 _a23622
040 _aGR-AtMCL
_bgre
_dGR-AtMCL
_eAACR2
245 1 _aΒελτιστοποίηση Αποθήκευσης Βιομηχανικών Προϊόντων./Εφαρμογές στα Ηλεκτρικά Καλώδια.
260 _c2014
300 _a31
520 _aΕισαγωγή, Η Εταιρία, Ορισμός RFID, η Αποθήκη και ο Ρόλος της, η Τεχνολογία RFID, Διαφορές Μεταξύ Ετικετών RFID, Αποθήκευση - Πληροφορία Ετικέτας RFID, Προμηθευτές της Τεχνολογίας RFID, Χρησιμότητα Τεχνολογίας RFID, Οφέλη, Παραδείγματα WMSs που Διαχειρίζονται Δεδομένα RFID, Πιθανά Προβλήματα Ασφαλείας, Προκλήσεις από τη Χρήση της Τεχνολογίας RFID, Ενσωμάτωση WMS, Εφαρμογή του WMS, Εφαρμογή της Τεχνολογίας της Τεχνολογίας RFID, Προκλήσεις για την Ενσωμάτωση της Τεχνολογίας RFID, Εμπόδια Εφαρμογής RFID στα WMS, Συμπεράσματα, Βιβλιογραφία.
700 1 _aΚατωτριώτη Ευστρατία
_99213
700 1 _aΠ. Πρόντζας
_99214
942 _cDS
999 _c8622
_d8622